[Event "Thüringenliga 2012/2013"]
[Site "?"]
[Date "2013.03.24"]
[Round "8"]
[White "Töpfer, Albrecht"]
[Black "Michalowski, Peter"]
[Result "0-1"]
[WhiteElo "1932"]
[BlackElo "1945"]
[PlyCount "58"]
[EventDate "2013.??.??"]
[WhiteTeam "Ilmenauer SV"]
[BlackTeam "SV Empor Erfurt"]

1. c4 Nf6 2. g3 g6 3. Bg2 d5 4. cxd5 Nxd5 5. Nc3 Nb6 6. Nf3 Bg7 7. O-O O-O 8.
d3 Nc6 9. Be3 e5 10. Qd2 Nd4 11. Bh6 Re8 12. Bxg7 Kxg7 13. Rac1 c6 14. b4 a6
15. Ne4 Bg4 16. Nxd4 exd4 17. Rfe1 Qe7 18. Qf4 Be6 19. Qe5+ f6 20. Qxd4 Nd5 21.
Nc5 Rad8 22. Nxe6+ Qxe6 23. Bxd5 Rxd5 24. Qf4 Rh5 25. g4 Rg5 26. f3 Qxa2 27.
Kf2 Rge5 28. Qd4 Rxe2+ 29. Kf1 Qe6 0-1

[Event "Thüringenliga 2012/2013"]
[Site "?"]
[Date "2013.03.24"]
[Round "8"]
[White "Wahlicht, Mike"]
[Black "Rempel, Patrick"]
[Result "1-0"]
[WhiteElo "1830"]
[BlackElo "2023"]
[PlyCount "73"]
[EventDate "2013.??.??"]
[WhiteTeam "SV Empor Erfurt"]
[BlackTeam "Ilmenauer SV"]

1. e4 d6 2. d4 Nf6 3. Nc3 g6 4. Be3 c6 5. h3 Bg7 6. a4 Nbd7 7. g4 h5 8. g5 Nh7
9. h4 Nhf8 10. Nge2 a6 11. Bg2 Ne6 12. O-O c5 13. f4 cxd4 14. Nxd4 Nxd4 15.
Bxd4 e5 16. fxe5 Nxe5 17. Nd5 O-O 18. Nf6+ Kh8 19. Qd2 Be6 20. a5 Qc7 21. b3
Rfc8 22. c4 Qe7 23. Kh1 Rc6 24. Nd5 Bxd5 25. exd5 Rcc8 26. Rae1 Kg8 27. Qe2 Rf8
28. c5 Rae8 29. b4 Qd7 30. Qd2 Qg4 31. Qf4 Qxf4 32. Rxf4 Nd3 33. Rxe8 Rxe8 34.
Rf3 Ne1 35. Re3 Rxe3 36. Bxe3 Nd3 37. c6 1-0

[Event "Thüringenliga 2012/2013"]
[Site "?"]
[Date "2013.03.24"]
[Round "8"]
[White "Leuner, Klaus"]
[Black "Renner, Wolfgang"]
[Result "1-0"]
[WhiteElo "1871"]
[BlackElo "1761"]
[PlyCount "47"]
[EventDate "2013.??.??"]
[WhiteTeam "Ilmenauer SV"]
[BlackTeam "SV Empor Erfurt"]

1. d4 d5 2. c4 e6 3. Nc3 Nf6 4. Bg5 Be7 5. e3 h6 6. Bh4 O-O 7. Nf3 Nbd7 8. a3
Re8 9. Qc2 c5 10. cxd5 Nxd5 11. Bxe7 Qxe7 12. Nxd5 exd5 13. Rd1 c4 14. Be2 b5
15. O-O a5 16. Ra1 Ba6 17. Qf5 Qd6 18. Rfb1 Nf6 19. Ne5 Bc8 20. Qf4 Re7 21. Bf3
Be6 22. g4 g5 23. Qxf6 Kh7 24. Bxd5 1-0

[Event "Thüringenliga 2012/2013"]
[Site "?"]
[Date "2013.03.24"]
[Round "8"]
[White "Müller, Julian"]
[Black "Strauch, Martin"]
[Result "0-1"]
[WhiteElo "1729"]
[BlackElo "1772"]
[PlyCount "102"]
[EventDate "2013.??.??"]
[WhiteTeam "Ilmenauer SV"]
[BlackTeam "SV Empor Erfurt"]

1. e4 d6 2. d4 Nf6 3. Nc3 g6 4. f4 Bg7 5. Nf3 O-O 6. Bc4 Nxe4 7. Bxf7+ Rxf7 8.
Nxe4 h6 9. h4 Bg4 10. Nf2 Qd7 11. Qd3 Qe6+ 12. Be3 Bxf3 13. gxf3 Rxf4 14. d5
Qe5 15. Ng4 Qxb2 16. Kf2 Rxg4 17. fxg4 Nd7 18. Qxg6 Rf8+ 19. Kg2 Qb5 20. Qe6+
Kh8 21. Rae1 Nf6 22. Rhf1 Qc4 23. g5 hxg5 24. hxg5 Qxd5+ 25. Qxd5 Nxd5 26.
Rxf8+ Bxf8 27. Bxa7 Nb4 28. c3 Nxa2 29. Bd4+ e5 30. Ba7 Nxc3 31. Rc1 Nb5 32.
Bb8 c6 33. Rd1 Kg7 34. Kf3 Kg6 35. Kg4 Be7 36. Rd3 e4 37. Re3 d5 38. Bf4 Nd4
39. Rh3 Bf8 40. Rh8 Ne6 41. Be3 c5 42. Rh1 d4 43. Bf4 b5 44. Ra1 Nxf4 45. Ra6+
Kg7 46. Kxf4 e3 47. Ke4 e2 48. Ra1 c4 49. Kf3 d3 50. Rb1 b4 51. Kf2 b3 0-1

[Event "Thüringenliga 2012/2013"]
[Site "?"]
[Date "2013.03.24"]
[Round "8"]
[White "Thiemann, Jürgen"]
[Black "Ortlepp, Steffen"]
[Result "1/2-1/2"]
[WhiteElo "1702"]
[BlackElo "1819"]
[PlyCount "30"]
[EventDate "2013.??.??"]
[WhiteTeam "SV Empor Erfurt"]
[BlackTeam "Ilmenauer SV"]

1. d4 Nf6 2. Nf3 g6 3. Bg5 Bg7 4. Nc3 d5 5. e3 O-O 6. Bd3 c5 7. O-O cxd4 8.
exd4 Nc6 9. Rb1 Nb4 10. a3 Nxd3 11. Qxd3 a6 12. Rfe1 Re8 13. Bxf6 Bxf6 14. Ne5
e6 15. Re3 Bd7 1/2-1/2

[Event "Thüringenliga 2012/2013"]
[Site "?"]
[Date "2013.03.24"]
[Round "8"]
[White "Kottwitz, Daniel"]
[Black "Goemann, Jens"]
[Result "1/2-1/2"]
[WhiteElo "1887"]
[BlackElo "2103"]
[PlyCount "35"]
[EventDate "2013.??.??"]
[WhiteTeam "Schachzirkel Elstertal Langenberg"]
[BlackTeam "TSG Apolda"]

1. e4 e6 2. d3 d5 3. Nd2 Nf6 4. Ngf3 c5 5. g3 Nc6 6. Bg2 Be7 7. O-O Qc7 8. Re1
b6 9. e5 Nd7 10. Qe2 Bb7 11. Nf1 h6 12. h4 O-O-O 13. c3 Rdg8 14. N1h2 g5 15.
hxg5 hxg5 16. Ng4 Rg6 17. Bd2 Rh7 18. a3 1/2-1/2

[Event "Thüringenliga 2012/2013"]
[Site "?"]
[Date "2013.03.24"]
[Round "8"]
[White "Rohmeiß, Roberto"]
[Black "Watzke, Birger"]
[Result "0-1"]
[WhiteElo "2033"]
[BlackElo "2154"]
[PlyCount "84"]
[EventDate "2013.??.??"]
[WhiteTeam "TSG Apolda"]
[BlackTeam "Schachzirkel Elstertal Langenberg"]

1. d4 Nf6 2. Nf3 g6 3. Nbd2 Bg7 4. e4 d6 5. c3 O-O 6. Bd3 Nc6 7. b4 a6 8. O-O
e5 9. Qb3 exd4 10. cxd4 Nh5 11. Bb2 Nf4 12. a3 Be6 13. Qc2 Nxd3 14. Qxd3 d5 15.
e5 Qe7 16. Nb3 Nd8 17. Qc3 Bf5 18. a4 Ne6 19. b5 Rfc8 20. Na5 Rcb8 21. Ra2 Be4
22. Rfa1 Nf4 23. Bc1 Nd3 24. Nb3 f6 25. Nc5 Nxc1 26. Rxc1 axb5 27. Re2 bxa4 28.
Nxe4 dxe4 29. Rxe4 c6 30. Ra1 Qe6 31. Nd2 Qd5 32. Ree1 b5 33. f4 b4 34. Qc4 Bf8
35. Rec1 Rd8 36. Ne4 Be7 37. exf6 Bf8 38. Qxc6 Qxc6 39. Rxc6 Rxd4 40. f7+ Kxf7
41. Ng5+ Kg8 42. g3 b3 0-1

[Event "Thüringenliga 2012/2013"]
[Site "?"]
[Date "2013.03.24"]
[Round "8"]
[White "Frommelt, Hans-Jürgen"]
[Black "Maiwald, Harald"]
[Result "0-1"]
[WhiteElo "1965"]
[BlackElo "2011"]
[PlyCount "104"]
[EventDate "2013.??.??"]
[WhiteTeam "Schachzirkel Elstertal Langenberg"]
[BlackTeam "TSG Apolda"]

1. e4 c5 2. Nc3 Nc6 3. Nge2 g6 4. d4 cxd4 5. Nxd4 Bg7 6. Be3 Nf6 7. Be2 O-O 8.
O-O d5 9. exd5 Nxd5 10. Nxd5 Qxd5 11. Bf3 Qa5 12. Nb3 Qc7 13. c3 Rd8 14. Qe2
Bf5 15. Rfd1 Ne5 16. Rxd8+ Rxd8 17. Bd4 Nxf3+ 18. Qxf3 e5 19. Be3 Be6 20. Qe2
Bc4 21. Qe1 f5 22. f3 b6 23. Rd1 Kf7 24. Rxd8 Qxd8 25. Qd2 Qxd2 26. Bxd2 Ke6
27. Nc1 Kd5 28. Kf2 Bf6 29. b3 Ba6 30. Ne2 Bxe2 31. Kxe2 e4 32. fxe4+ Kxe4 33.
c4 f4 34. Bb4 Bd4 35. Be7 Bc5 36. Bd8 h6 37. h3 g5 38. Bf6 Kf5 39. Bc3 a5 40.
Kd3 h5 41. Bd4 g4 42. hxg4+ hxg4 43. Bxc5 bxc5 44. Kd2 Ke4 45. Ke2 Kd4 46. Kd2
f3 47. gxf3 gxf3 48. a3 f2 49. Ke2 Kc3 50. b4 axb4 51. axb4 Kxb4 52. Kxf2 Kxc4
0-1

[Event "Thüringenliga 2012/2013"]
[Site "?"]
[Date "2013.03.24"]
[Round "8"]
[White "Schmidt, Matthias"]
[Black "Streit, Michael"]
[Result "1/2-1/2"]
[WhiteElo "1942"]
[BlackElo "1893"]
[PlyCount "93"]
[EventDate "2013.??.??"]
[WhiteTeam "TSG Apolda"]
[BlackTeam "Schachzirkel Elstertal Langenberg"]

1. d4 Nf6 2. c4 e6 3. Nc3 Bb4 4. Bd2 O-O 5. e3 d5 6. Nf3 Nc6 7. Qc2 Bxc3 8.
Bxc3 Ne4 9. Bd3 f5 10. O-O-O a5 11. Bxe4 fxe4 12. Ne5 Nxe5 13. dxe5 c6 14. Qe2
b6 15. f3 Ba6 16. b3 Qh4 17. f4 a4 18. Qe1 Qe7 19. Qf2 Ra7 20. Qb2 Rfa8 21. Rd2
axb3 22. axb3 Bb7 23. b4 c5 24. b5 dxc4 25. Rhd1 Bd5 26. f5 Ra3 27. fxe6 Bxe6
28. Rd8+ Rxd8 29. Rxd8+ Qxd8 30. Qxa3 h6 31. Qb2 Qd7 32. Bd2 Bf7 33. e6 Qxe6
34. Bc3 Qg6 35. Be5 Qg5 36. Bf4 Qe7 37. Qe5 Qxe5 38. Bxe5 Be8 39. Bc7 Bxb5 40.
Bxb6 Bc6 41. Bxc5 Kf7 42. Kd2 g6 43. Bd4 Ke6 44. Bg7 h5 45. Bh6 Kf5 46. Bf4 Kg4
47. g3 1/2-1/2

[Event "Thüringenliga 2012/2013"]
[Site "?"]
[Date "2013.03.24"]
[Round "8"]
[White "Streit, Jürgen"]
[Black "Steiger, Jürgen"]
[Result "1/2-1/2"]
[WhiteElo "1710"]
[BlackElo "1980"]
[PlyCount "40"]
[EventDate "2013.??.??"]
[WhiteTeam "Schachzirkel Elstertal Langenberg"]
[BlackTeam "TSG Apolda"]

1. e4 d6 2. d4 Nf6 3. Nc3 g6 4. Bg5 Bg7 5. e5 dxe5 6. dxe5 Qxd1+ 7. Rxd1 Nfd7
8. Nd5 Bxe5 9. Nf3 Bd6 10. Bxe7 Bxe7 11. Nxc7+ Kd8 12. Nxa8 Re8 13. Be2 Bf6 14.
c3 b6 15. Nxb6 axb6 16. Rd2 Nc6 17. O-O Kc7 18. Bb5 Re7 19. Rfd1 Ndb8 20. h3
Be6 1/2-1/2

[Event "Thüringenliga 2012/2013"]
[Site "?"]
[Date "2013.03.24"]
[Round "8"]
[White "Schaudin, Andreas"]
[Black "Krug, Klaus-Peter"]
[Result "1/2-1/2"]
[WhiteElo "1583"]
[BlackElo "1895"]
[PlyCount "88"]
[EventDate "2013.??.??"]
[WhiteTeam "Schachzirkel Elstertal Langenberg"]
[BlackTeam "TSG Apolda"]

1. Nf3 d6 2. d4 Nf6 3. Bg5 e6 4. e3 Be7 5. Bd3 Nbd7 6. Nbd2 O-O 7. O-O b6 8. c3
Bb7 9. Re1 Re8 10. h3 Nf8 11. Qc2 c5 12. Bb5 N6d7 13. Bf4 a6 14. Be2 Ng6 15.
Bh2 Rc8 16. Rad1 Nf6 17. dxc5 Rxc5 18. Nd4 Qc8 19. Bf3 Ne5 20. Bxb7 Qxb7 21.
N2b3 Rcc8 22. Qe2 Nc4 23. Nf3 d5 24. Nbd4 Ne4 25. Kh1 Bf8 26. Ne5 Bd6 27. Nxc4
Bxh2 28. Kxh2 Rxc4 29. g3 g6 30. Nf3 f6 31. Nd2 Nxd2 32. Rxd2 Kf7 33. Red1 Rc7
34. Qg4 Qc6 35. Qh4 Kg7 36. Qd4 Qc5 37. Qd3 Ree7 38. a3 a5 39. Qe2 Rcd7 40. Qg4
Rd6 41. Qd4 Red7 42. f4 Kf7 43. Kg2 Ke7 44. g4 Qxd4 1/2-1/2

[Event "Thüringenliga 2012/2013"]
[Site "?"]
[Date "2013.03.24"]
[Round "8"]
[White "Siegl, Detlef"]
[Black "Gölles, Michael"]
[Result "1/2-1/2"]
[WhiteElo "1778"]
[BlackElo "1603"]
[PlyCount "103"]
[EventDate "2013.??.??"]
[WhiteTeam "TSG Apolda"]
[BlackTeam "Schachzirkel Elstertal Langenberg"]

1. e4 e6 2. d4 d5 3. Nd2 c5 4. exd5 exd5 5. dxc5 Bxc5 6. Nb3 Qb6 7. Nxc5 Qxc5
8. Nf3 Bg4 9. Be2 Ne7 10. O-O O-O 11. c3 Nbc6 12. Be3 Qd6 13. Qd2 Rad8 14. Bf4
Qd7 15. Rad1 f6 16. Rfe1 Ng6 17. Bg3 Rfe8 18. Qc1 Qf7 19. h3 Be6 20. Nd4 Nxd4
21. Rxd4 a6 22. Qd2 Rd7 23. Bd3 Red8 24. Qc2 Nf8 25. f4 f5 26. Be2 Qf6 27. Bf3
Rd6 28. Qd2 Ng6 29. Rd1 Ne7 30. Bf2 Qf7 31. Bh4 b5 32. a4 Qe8 33. axb5 axb5 34.
Re1 Nc6 35. Rd3 R8d7 36. Rde3 d4 37. R3e2 dxc3 38. Qxc3 Nd4 39. Re5 Nxf3+ 40.
Qxf3 Ra7 41. Qe3 Raa6 42. Rxf5 Qd7 43. Re5 Rd3 44. Qf2 Rd2 45. R5e2 Rxe2 46.
Qxe2 Qd4+ 47. Qf2 Qd5 48. Qe3 h6 49. Bf2 Bf7 50. Qc5 Qxc5 51. Bxc5 Ra2 52. Bd4
1/2-1/2

[Event "Thüringenliga 2012/2013"]
[Site "?"]
[Date "2013.04.21"]
[Round "9"]
[White "Pichl, Michael"]
[Black "Pähtz, Thomas"]
[Result "0-1"]
[WhiteElo "1971"]
[BlackElo "2332"]
[PlyCount "54"]
[EventDate "2013.??.??"]
[WhiteTeam "SV Empor Erfurt"]
[BlackTeam "ESV Lok Sömmerda"]

1. g3 g6 2. Bg2 Bg7 3. c4 Nf6 4. Nf3 d6 5. O-O O-O 6. Nc3 Nc6 7. Rb1 a5 8. a3
Bf5 9. d3 Qd7 10. Re1 Bh3 11. Bh1 h6 12. b4 axb4 13. axb4 e5 14. b5 Nd8 15. Qb3
Ne6 16. Ba3 Ng4 17. Nd5 Kh7 18. Rec1 f5 19. c5 e4 20. cxd6 exf3 21. e3 f4 22.
Nxf4 Rxf4 23. gxf4 Nd4 24. exd4 Ne5 25. Bxf3 Nxf3+ 26. Kh1 Bg2+ 27. Kxg2 Qg4+
0-1

[Event "Thüringenliga 2012/2013"]
[Site "?"]
[Date "2013.04.21"]
[Round "9"]
[White "Krüger, Rainer"]
[Black "Taudte, Stefan"]
[Result "1/2-1/2"]
[WhiteElo "2088"]
[BlackElo "1979"]
[PlyCount "41"]
[EventDate "2013.??.??"]
[WhiteTeam "ESV Lok Sömmerda"]
[BlackTeam "SV Empor Erfurt"]

1. d4 Nf6 2. Nf3 c5 3. c4 e6 4. Nc3 g6 5. g3 Bg7 6. Bg2 O-O 7. O-O cxd4 8. Nxd4
Nc6 9. Ndb5 a6 10. Nd6 Ne8 11. Bf4 e5 12. Be3 Nxd6 13. Qxd6 Re8 14. Nd5 Nd4 15.
Bxd4 exd4 16. Qc7 d6 17. Qxd8 Rxd8 18. Ne7+ Kf8 19. Nxc8 Raxc8 20. Bxb7 Rb8 21.
Bxa6 1/2-1/2

[Event "Thüringenliga 2012/2013"]
[Site "?"]
[Date "2013.04.21"]
[Round "9"]
[White "Siegemund, Joachim"]
[Black "Michalowski, Peter"]
[Result "1-0"]
[WhiteElo "2033"]
[BlackElo "1933"]
[PlyCount "59"]
[EventDate "2013.??.??"]
[WhiteTeam "ESV Lok Sömmerda"]
[BlackTeam "SV Empor Erfurt"]

1. c4 Nf6 2. Nc3 d5 3. cxd5 Nxd5 4. d4 g6 5. e4 Nb6 6. Nf3 Bg7 7. Be3 O-O 8.
Be2 Nc6 9. O-O Bg4 10. d5 Bxf3 11. Bxf3 Ne5 12. Be2 c6 13. Qb3 cxd5 14. Rfd1 e6
15. exd5 exd5 16. Nxd5 Nxd5 17. Rxd5 Qh4 18. Rad1 Ng4 19. Bxg4 Qxg4 20. Qxb7
Rab8 21. Qxa7 Rxb2 22. h3 Qc4 23. a4 Rb1 24. a5 Qxd5 25. Rxb1 h5 26. a6 Be5 27.
Qb7 Rb8 28. Qxb8+ Bxb8 29. Rxb8+ Kh7 30. a7 1-0

[Event "Thüringenliga 2012/2013"]
[Site "?"]
[Date "2013.04.21"]
[Round "9"]
[White "Wahlicht, Mike"]
[Black "Kalisch, Michael"]
[Result "0-1"]
[WhiteElo "1830"]
[BlackElo "1936"]
[PlyCount "102"]
[EventDate "2013.??.??"]
[WhiteTeam "SV Empor Erfurt"]
[BlackTeam "ESV Lok Sömmerda"]

1. e4 c6 2. d4 d5 3. f3 dxe4 4. fxe4 e5 5. Nf3 Be6 6. c3 Nd7 7. Bd3 Ngf6 8. O-O
h6 9. Kh1 Bd6 10. Be3 Qc7 11. Nbd2 Rd8 12. Qe2 O-O 13. Bg1 Nh5 14. Bc4 Bg4 15.
Qe1 exd4 16. cxd4 Bg3 17. Qe3 Bf4 18. Qc3 Kh8 19. Nh4 c5 20. Bd5 Ndf6 21. Bb3
cxd4 22. Qxc7 Bxc7 23. Nhf3 Bxf3 24. Nxf3 Nxe4 25. Rfe1 Nhf6 26. Nxd4 Be5 27.
Rad1 Rd7 28. Nf3 Rxd1 29. Rxd1 Bxb2 30. Bxa7 g6 31. g3 Kg7 32. Kg2 Ra8 33. Be3
Ng4 34. Rd3 Nxe3+ 35. Rxe3 Nc5 36. Bd5 Bf6 37. Ne5 Bxe5 38. Rxe5 Kf6 39. Re3
Rf8 40. Rc3 b6 41. Rf3+ Ke7 42. Bc4 f5 43. h3 Rd8 44. Ra3 Kf6 45. Ra7 Ke5 46.
h4 g5 47. Rg7 Rd2+ 48. Kf1 gxh4 49. gxh4 Rd4 50. Bg8 Rxh4 51. Rg6 Rg4 0-1

[Event "Thüringenliga 2012/2013"]
[Site "?"]
[Date "2013.04.21"]
[Round "9"]
[White "Kühn, Karsten"]
[Black "Renner, Wolfgang"]
[Result "0-1"]
[WhiteElo "1967"]
[BlackElo "1761"]
[PlyCount "46"]
[EventDate "2013.??.??"]
[WhiteTeam "ESV Lok Sömmerda"]
[BlackTeam "SV Empor Erfurt"]

1. e4 d5 2. exd5 Nf6 3. d4 Nxd5 4. Nf3 g6 5. Bc4 Bg7 6. c3 O-O 7. O-O c6 8. Re1
Nd7 9. Nbd2 N7f6 10. Nf1 b5 11. Bb3 a5 12. a3 Bg4 13. h3 Bxf3 14. Qxf3 Re8 15.
Bg5 Qd7 16. Ng3 h6 17. Bd2 Rad8 18. Re2 e6 19. Rae1 Rf8 20. h4 Qc7 21. h5 g5
22. Bc2 c5 23. Be3 g4 0-1

[Event "Thüringenliga 2012/2013"]
[Site "?"]
[Date "2013.04.21"]
[Round "9"]
[White "Zahn, Alina"]
[Black "Kühn, Martin"]
[Result "0-1"]
[WhiteElo "1946"]
[BlackElo "1919"]
[PlyCount "70"]
[EventDate "2013.??.??"]
[WhiteTeam "SV Empor Erfurt"]
[BlackTeam "ESV Lok Sömmerda"]

1. e4 e6 2. d4 d5 3. Nc3 Nf6 4. e5 Nfd7 5. f4 c5 6. Nf3 Nc6 7. Be3 Be7 8. Qd2
a6 9. Bd3 b5 10. a3 cxd4 11. Nxd4 Nxd4 12. Bxd4 Nc5 13. O-O Nxd3 14. cxd3 O-O
15. Qe3 Bb7 16. Ne2 Rc8 17. Ng3 Qd7 18. f5 f6 19. Nh5 fxe5 20. Bxe5 exf5 21.
Bxg7 Rf7 22. Qg3 Bc5+ 23. d4 Rxg7 24. Nf6+ Kh8 25. Nxd7 Bxd4+ 26. Kh1 Rxg3 27.
hxg3 Rc6 28. Rf4 Be3 29. Rh4 d4 30. Rf1 Rc2 31. Rh2 d3 32. Nf6 h6 33. Nh5 d2
34. Nf4 Bxf4 35. gxf4 Rc1 0-1

[Event "Thüringenliga 2012/2013"]
[Site "?"]
[Date "2013.04.21"]
[Round "9"]
[White "Kirste, Olaf"]
[Black "Strauch, Martin"]
[Result "1-0"]
[WhiteElo "1902"]
[BlackElo "1772"]
[PlyCount "41"]
[EventDate "2013.??.??"]
[WhiteTeam "ESV Lok Sömmerda"]
[BlackTeam "SV Empor Erfurt"]

1. c4 d6 2. Nc3 Nf6 3. d4 g6 4. e4 Bg7 5. f3 O-O 6. Be3 a6 7. Qd2 Nc6 8. Rc1 e5
9. Nge2 exd4 10. Nxd4 Ne5 11. Be2 c6 12. O-O b5 13. b3 d5 14. exd5 bxc4 15.
dxc6 cxb3 16. axb3 Nd5 17. Nxd5 Qxd5 18. Qb4 Re8 19. Bf2 Bf8 20. Qa4 a5 21.
Rfd1 1-0

[Event "Thüringenliga 2012/2013"]
[Site "?"]
[Date "2013.04.21"]
[Round "9"]
[White "Goemann, Jens"]
[Black "Siebarth, Raiko"]
[Result "0-1"]
[WhiteElo "2103"]
[BlackElo "2269"]
[PlyCount "118"]
[EventDate "2013.??.??"]
[WhiteTeam "TSG Apolda"]
[BlackTeam "SG Blau-Weiß Stadtilm"]

1. Nf3 g6 2. d4 Bg7 3. h3 Nf6 4. Bf4 O-O 5. e3 d6 6. Be2 Nbd7 7. O-O Qe8 8. Bh2
e5 9. c4 Qe7 10. Nc3 Rd8 11. Qc2 b6 12. Nb5 e4 13. Nd2 Nf8 14. d5 Bb7 15. Rac1
a6 16. Nd4 N8d7 17. Rfd1 a5 18. b3 Nc5 19. a3 Na6 20. Qb1 Re8 21. b4 axb4 22.
axb4 Nd7 23. Nf1 Ne5 24. Qb3 Nb8 25. Rd2 Nbd7 26. Qb1 Nf6 27. Ng3 Qd7 28. Ra2
Rxa2 29. Qxa2 Ra8 30. Qc2 Qa4 31. Nxe4 Nxe4 32. Qxe4 Qxb4 33. Bxe5 Bxe5 34. g3
Qb2 35. Re1 Ra2 36. Kf1 Bc8 37. g4 Bd7 38. Qb1 Qd2 39. Rd1 Qa5 40. Nb3 Qa3 41.
Rd2 Rxd2 42. Nxd2 f5 43. Kg2 Kg7 44. Nb3 Kf7 45. Qd3 Qa2 46. Nd4 Bxd4 47. exd4
b5 48. cxb5 Qxd5+ 49. f3 fxg4 50. hxg4 Bxg4 51. Qc3 Qb7 52. Bc4+ Be6 53. d5 Bf5
54. Qh8 g5 55. Qd8 Qc8 56. Qxg5 Qg8 57. Qxg8+ Kxg8 58. Kg3 Kg7 59. Kf4 Kf6 0-1

[Event "Thüringenliga 2012/2013"]
[Site "?"]
[Date "2013.04.21"]
[Round "9"]
[White "Schneider, Christian"]
[Black "Rohmeiß, Roberto"]
[Result "1/2-1/2"]
[WhiteElo "2181"]
[BlackElo "2033"]
[PlyCount "38"]
[EventDate "2013.??.??"]
[WhiteTeam "SG Blau-Weiß Stadtilm"]
[BlackTeam "TSG Apolda"]

1. e4 g6 2. Nc3 Bg7 3. f4 d6 4. Nf3 c5 5. Bc4 Nc6 6. d3 e6 7. O-O Nge7 8. Qe1
O-O 9. f5 Nd4 10. Nxd4 Bxd4+ 11. Kh1 Nc6 12. Bh6 Re8 13. fxg6 fxg6 14. Qg3 a6
15. Qf4 Qe7 16. Bg5 Qc7 17. Bh6 Qe7 18. Bg5 Qc7 19. Bh6 Qe7 1/2-1/2

[Event "Thüringenliga 2012/2013"]
[Site "?"]
[Date "2013.04.21"]
[Round "9"]
[White "Maiwald, Harald"]
[Black "George, Tom"]
[Result "1-0"]
[WhiteElo "2011"]
[BlackElo "1877"]
[PlyCount "69"]
[EventDate "2013.??.??"]
[WhiteTeam "TSG Apolda"]
[BlackTeam "SG Blau-Weiß Stadtilm"]

1. d4 Nf6 2. Nf3 e6 3. g3 b6 4. Bg2 Bb7 5. O-O d6 6. c4 Nbd7 7. Nc3 Be7 8. Qc2
c5 9. Rd1 d5 10. Ne5 cxd4 11. Nxd7 Qxd7 12. Rxd4 Rc8 13. b3 Bc5 14. Rd2 Ng4 15.
Ne4 Qe7 16. Nxc5 Qxc5 17. e3 Ba6 18. Bb2 O-O 19. Bd4 Qc7 20. Qd1 e5 21. Qxg4
exd4 22. Rxd4 dxc4 23. Bf1 b5 24. bxc4 bxc4 25. Rc1 Qa5 26. Bxc4 Bxc4 27. Rdxc4
Rb8 28. Ra4 Qb6 29. Qd4 Qxd4 30. exd4 Rb7 31. d5 Rfb8 32. d6 Kf8 33. Rc7 Rb1+
34. Kg2 Rd8 35. Raxa7 1-0

[Event "Thüringenliga 2012/2013"]
[Site "?"]
[Date "2013.04.21"]
[Round "9"]
[White "Steiger, Jürgen"]
[Black "Berner, Stephan"]
[Result "1/2-1/2"]
[WhiteElo "1980"]
[BlackElo "1836"]
[PlyCount "30"]
[EventDate "2013.??.??"]
[WhiteTeam "TSG Apolda"]
[BlackTeam "SG Blau-Weiß Stadtilm"]

1. Nf3 g6 2. d4 d5 3. Bf4 Nf6 4. h3 Bg7 5. e3 Nbd7 6. Be2 O-O 7. O-O Re8 8.
Nbd2 c5 9. c3 Qb6 10. Qb3 Qxb3 11. axb3 Ne4 12. Bb5 Nxd2 13. Nxd2 e5 14. dxe5
Bxe5 15. Bxe5 Rxe5 1/2-1/2

[Event "Thüringenliga 2012/2013"]
[Site "?"]
[Date "2013.04.21"]
[Round "9"]
[White "Einax, Claus-Dieter"]
[Black "Schmidt, Daniel"]
[Result "0-1"]
[WhiteElo "1834"]
[BlackElo "1691"]
[PlyCount "60"]
[EventDate "2013.??.??"]
[WhiteTeam "TSG Apolda"]
[BlackTeam "SG Blau-Weiß Stadtilm"]

1. e4 c5 2. Nc3 Nc6 3. g3 e6 4. Bg2 Nge7 5. d3 d5 6. exd5 exd5 7. Nf3 g6 8. Bf4
Bg7 9. O-O a6 10. a4 O-O 11. Qd2 Be6 12. Bh6 Nf5 13. Bxg7 Kxg7 14. Rfe1 Qd7 15.
Ne2 d4 16. Nf4 Rae8 17. Ng5 Nd8 18. Qa5 Qc8 19. Ne4 Re7 20. Nxc5 Rc7 21. Ncxe6+
Nxe6 22. Rxe6 fxe6 23. Nxe6+ Qxe6 24. Qxc7+ Rf7 25. Qc5 b6 26. Qc4 Qe2 27. Be4
b5 28. axb5 axb5 29. Qc5 Kh6 30. Rf1 Ne3 0-1

[Event "Thüringenliga 2012/2013"]
[Site "?"]
[Date "2013.04.21"]
[Round "9"]
[White "Werner, Justus"]
[Black "Krug, Klaus-Peter"]
[Result "0-1"]
[WhiteElo "1670"]
[BlackElo "1895"]
[PlyCount "48"]
[EventDate "2013.??.??"]
[WhiteTeam "SG Blau-Weiß Stadtilm"]
[BlackTeam "TSG Apolda"]

1. c4 e5 2. Nc3 f5 3. g3 Nf6 4. Bg2 c6 5. d4 exd4 6. Qxd4 Be7 7. Nf3 Na6 8. O-O
Nc7 9. Re1 O-O 10. Bd2 d6 11. e4 Ne6 12. Qe3 f4 13. Qe2 Ng4 14. Rad1 Qc7 15. e5
dxe5 16. Nxe5 Nd4 17. Qe4 Qxe5 18. Qxe5 Nxe5 19. Rxe5 Bf6 20. Re4 f3 21. Bh1
Bf5 22. Ree1 Nc2 23. Rf1 Bd3 24. Bxf3 Bxc3 0-1

[Event "Thüringenliga 2012/2013"]
[Site "?"]
[Date "2013.04.21"]
[Round "9"]
[White "Buring, Matthias"]
[Black "Müller, Michael"]
[Result "0-1"]
[WhiteElo "2046"]
[BlackElo "2198"]
[PlyCount "130"]
[EventDate "2013.??.??"]
[WhiteTeam "SG Arnstadt-Stadtilm"]
[BlackTeam "SSV Vimaria 91 Weimar"]

1. d4 d5 2. Nf3 Bf5 3. c4 dxc4 4. Nc3 Nf6 5. e3 e6 6. Bxc4 Nbd7 7. O-O c6 8. a4
Qc7 9. Re1 Bb4 10. Bd2 O-O 11. Rc1 Rad8 12. Nb5 cxb5 13. Bxe6 Qxc1 14. Qxc1
Bxd2 15. Qxd2 fxe6 16. axb5 Rc8 17. Qa5 Rc2 18. Qxa7 Rxb2 19. Qxb7 Rb8 20. Qc6
R2xb5 21. h3 R5b6 22. Qc4 h6 23. Ra1 Rb1+ 24. Rxb1 Rxb1+ 25. Kh2 Rb2 26. Kg1
Kh7 27. Ne5 Rc2 28. Qb3 Nxe5 29. dxe5 Nd5 30. g4 Be4 31. f3 Rc3 32. Qd1 Rd3 33.
Qf1 Nxe3 34. Qe2 Bg6 35. h4 h5 36. Qa2 hxg4 37. fxg4 Rd1+ 38. Kf2 Nxg4+ 39. Kg3
Bf5 40. Qa4 Rd5 41. Qe8 Rxe5 42. Qh5+ Nh6 43. Qe8 Re3+ 44. Kf4 Re4+ 45. Kg3
Rg4+ 46. Kf3 Rxh4 47. Qe7 Rh3+ 48. Kf4 Ng8 49. Qd8 Nf6 50. Qa8 Nd5+ 51. Ke5 Ne7
52. Kd6 Ng6 53. Kd7 e5+ 54. Ke8 e4 55. Qd5 Rf3 56. Qd1 Be6 57. Qh1+ Kg8 58. Kd8
Kf7 59. Kc7 Bf5 60. Qg2 Rc3+ 61. Kb6 Rd3 62. Qa2+ Kf6 63. Qb2+ Ne5 64. Qb4 g5
65. Qf8+ Nf7 0-1

[Event "Thüringenliga 2012/2013"]
[Site "?"]
[Date "2013.04.21"]
[Round "9"]
[White "Günther, Andreas"]
[Black "Sauer, Marko"]
[Result "1/2-1/2"]
[WhiteElo "2091"]
[BlackElo "1989"]
[PlyCount "33"]
[EventDate "2013.??.??"]
[WhiteTeam "SSV Vimaria 91 Weimar"]
[BlackTeam "SG Arnstadt-Stadtilm"]

1. e4 c5 2. Nf3 Nc6 3. b3 d6 4. Bb2 Bg4 5. Bb5 a6 6. Bxc6+ bxc6 7. h3 Bd7 8.
Qe2 e5 9. c3 Ne7 10. d4 cxd4 11. cxd4 f6 12. Nbd2 Ng6 13. g3 Be7 14. Qc4 Qa5
15. Bc3 Qb5 16. a4 Qxc4 17. Nxc4 1/2-1/2

[Event "Thüringenliga 2012/2013"]
[Site "?"]
[Date "2013.04.21"]
[Round "9"]
[White "Widmann, Benjamin"]
[Black "Philipp, Michael"]
[Result "1-0"]
[WhiteElo "1853"]
[BlackElo "1972"]
[PlyCount "81"]
[EventDate "2013.??.??"]
[WhiteTeam "SG Arnstadt-Stadtilm"]
[BlackTeam "SSV Vimaria 91 Weimar"]

1. c4 f5 2. Nc3 Nf6 3. g3 g6 4. Bg2 Bg7 5. b4 O-O 6. Bb2 e5 7. d3 Nc6 8. b5 Nd4
9. e3 Ne6 10. Nge2 f4 11. exf4 exf4 12. O-O Ng4 13. Nxf4 Nxf4 14. gxf4 Qh4 15.
h3 Nh6 16. Qf3 d6 17. Qg3 Rxf4 18. Nd5 Bxb2 19. Qxf4 Qxf4 20. Nxf4 Bxa1 21.
Rxa1 a6 22. Nd5 axb5 23. Nxc7 Ra3 24. Nxb5 Rxd3 25. Bd5+ Nf7 26. a4 Bxh3 27.
Bxb7 Ne5 28. Bd5+ Kg7 29. a5 Bc8 30. a6 Bxa6 31. Rxa6 Nxc4 32. Bxc4 Rd1+ 33.
Bf1 d5 34. Rd6 h5 35. Nc3 Rc1 36. Nxd5 g5 37. Ne3 Rc5 38. Bd3 g4 39. Kg2 Rg5
40. Nf5+ Kf7 41. Kg3 1-0